[Event "Xtracon Open 2019"]
[Site "Helsingor"]
[Date "2019.07.27"]
[Round "9.1"]
[White "Bharath Subramaniyam H"]
[Black "Hansen, Sune Berg"]
[Result "1/2-1/2"]
[WhiteElo "2405"]
[BlackElo "2575"]
[Annotator "ChessBase"]
[PlyCount "84"]
[EventDate "2019.07.19"]
[EventType "swiss"]
[EventCountry "DEN"]
[SourceTitle "playchess.com"]
[Source "ChessBase"]
[SourceQuality "1"]

1. e4 e5 2. Nf3 Nc6 3. Bb5 a6 4. Ba4 Nf6 5. Qe2 b5 6. Bb3 Bc5 7. c3 O-O 8. d3 Re8 9. Bg5 h6 10. Bh4 Be7 11. Nbd2 d6 12. Nf1 Na5 13. Bc2 c5 14. Ne3 Nc6 15. h3 Nh7 16. Bg3 Be6 17. O-O Rb8 18. Rfd1 Bf6 19. Bb3 g6 20. Nh2 h5 21. Nf3 h4 22. Bh2 Bg7 23. Bd5 Bxd5 24. Nxd5 Rb7 25. a4 b4 26. d4 bxc3 27. bxc3 exd4 28. Qxa6 Qd7 29. Rac1 Rxe4 30. cxd4 Nxd4 31. Nxd4 Bxd4 32. Bxd6 Re6 33. Qa8+ Re8 34. Qa6 Re6 35. Qa8+ Re8 36. Qa6 Re6 37. Qa8+ Re8 38. Qa6 Re6 39. Qa8+ Re8 40. Qa6 Re6 41. Qa8+ Re8 42. Qa6 Re6 1/2-1/2

[Event "Xtracon Open 2019"]
[Site "Helsingor"]
[Date "2019.07.27"]
[Round "9.1"]
[White "Ask, Josef"]
[Black "Rydstrom, Tom"]
[Result "0-1"]
[WhiteElo "2149"]
[BlackElo "2345"]
[Annotator "NA"]
[PlyCount "126"]
[EventDate "2019.07.19"]
[EventType "swiss"]
[EventCountry "DEN"]
[SourceTitle "playchess.com"]
[Source "ChessBase"]
[SourceQuality "1"]

1. e4 d6 2. g3 g6 3. Bg2 Bg7 4. Ne2 Nc6 5. O-O Nf6 6. d3 O-O 7. h3 d5 8. exd5 Nxd5 9. Nbc3 Be6 10. Ne4 h6 11. Nc5 Bc8 12. c3 e5 13. Kh2 Rb8 14. f4 b6 15. Ne4 Bb7 16. fxe5 Nxe5 17. d4 Nc4 18. Qd3 Nd6 19. Nxd6 Qxd6 20. Nf4 Ne7 21. Bxb7 Rxb7 22. a4 Rbb8 23. Qc4 Rbd8 24. a5 Rfe8 25. axb6 axb6 26. Ng2 Nd5 27. Ra7 Rd7 28. Rf2 c6 29. Rxd7 Qxd7 30. Re2 Ra8 31. Bd2 b5 32. Qb3 Qf5 33. Be1 Ra1 34. Qc2 Qxc2 35. Rxc2 Rb1 36. Bf2 Nb6 37. Ne1 Nc4 38. Nd3 Bf8 39. Kg2 Bd6 40. Re2 Rd1 41. Nc5 Bxc5 42. dxc5 Kf8 43. b3 Rd2 44. Kf3 Rxe2 45. Kxe2 Na5 46. b4 Nc4 47. g4 Ke7 48. Bd4 Ke6 49. Bg7 h5 50. Kf3 hxg4+ 51. hxg4 f5 52. g5 Nd2+ 53. Kf4 Kd5 54. Bf8 Ne4 55. Bg7 Kc4 56. Ke5 Kxc3 57. Bf6 Kxb4 58. Be7 Kc4 59. Bd6 b4 60. Ke6 b3 61. Be5 Nxg5+ 62. Kf6 Ne4+ 63. Kxg6 f4 0-1

[Event "Xtracon Open 2019"]
[Site "Helsingor"]
[Date "2019.07.27"]
[Round "9.1"]
[White "Rempe, Mieke"]
[Black "Rendlev, Niels Moller"]
[Result "0-1"]
[WhiteElo "1558"]
[BlackElo "1721"]
[Annotator "NA"]
[PlyCount "50"]
[EventDate "2019.07.19"]
[EventType "swiss"]
[EventCountry "DEN"]
[SourceTitle "playchess.com"]
[Source "ChessBase"]
[SourceQuality "1"]

1. e4 e6 2. d4 d5 3. exd5 exd5 4. Nf3 Nf6 5. Be2 Bd6 6. O-O O-O 7. Bg5 h6 8. Bh4 c6 9. Re1 Be6 10. Nbd2 Nbd7 11. Nf1 Qc7 12. b3 Bb4 13. N1d2 Bc3 14. Rc1 Ne4 15. Rf1 Bb2 16. Nxe4 dxe4 17. Bg3 Qc8 18. Nd2 Bxc1 19. Qxc1 f5 20. Bc4 Bxc4 21. Nxc4 Nf6 22. Nd6 Qd7 23. Qa3 Ne8 24. Nxe8 Raxe8 25. Rd1 f4 0-1

[Event "Xtracon Open 2019"]
[Site "Helsingor"]
[Date "2019.07.27"]
[Round "9.2"]
[White "Praggnanandhaa R"]
[Black "Karthikeyan, Murali"]
[Result "1-0"]
[WhiteElo "2540"]
[BlackElo "2613"]
[Annotator "ChessBase"]
[PlyCount "115"]
[EventDate "2019.07.19"]
[EventType "swiss"]
[EventCountry "DEN"]
[SourceTitle "playchess.com"]
[Source "ChessBase"]
[SourceQuality "1"]

1. Nf3 Nf6 2. g3 g6 3. Bg2 Bg7 4. O-O O-O 5. d4 d6 6. Re1 c5 7. dxc5 dxc5 8. c3 Qb6 9. Qa4 Nc6 10. Na3 a6 11. Nc4 Qb5 12. Qxb5 axb5 13. Nb6 Ra6 14. Nxc8 Rxc8 15. a3 b4 16. cxb4 cxb4 17. Rb1 Ne4 18. Ng5 Nd6 19. axb4 Rb6 20. b3 Bc3 21. Rd1 Nd4 22. Kf1 Ra8 23. Rd3 Ra1 24. Rxa1 Bxa1 25. Bd2 Nc2 26. Ne4 Be5 27. Rd5 Bb2 28. Nxd6 exd6 29. Bf4 Be5 30. Bxe5 dxe5 31. Rxe5 Nxb4 32. Re7 Nc6 33. Rd7 Kf8 34. Bd5 Ne7 35. Bc4 Ke8 36. Rc7 f6 37. Rc5 Kd7 38. Ra5 Nc6 39. Rb5 Kc7 40. Rc5 Kd6 41. Rd5+ Ke7 42. f4 Nb4 43. Rc5 Nc6 44. e4 Rb4 45. Kf2 Nd4 46. Rc7+ Kd6 47. Rxh7 Nxb3 48. Bxb3 Rxb3 49. Rh6 b5 50. Rxg6 Kc7 51. Rxf6 b4 52. e5 Rb2+ 53. Kf3 Rb3+ 54. Kg4 Rd3 55. Ra6 Ra3 56. Rd6 b3 57. Rd1 b2 58. Rb1 1-0

[Event "Xtracon Open 2019"]
[Site "Helsingor"]
[Date "2019.07.27"]
[Round "9.2"]
[White "Vesterli, Michael E."]
[Black "Christiansen, Johan-Sebastian"]
[Result "0-1"]
[WhiteElo "2221"]
[BlackElo "2548"]
[Annotator "ChessBase"]
[PlyCount "77"]
[EventDate "2019.07.19"]
[EventType "swiss"]
[EventCountry "DEN"]
[SourceTitle "playchess.com"]
[Source "ChessBase"]
[SourceQuality "1"]

1. d4 Nf6 2. c4 c6 3. Nf3 d5 4. Nc3 e6 5. Bg5 h6 6. Bh4 dxc4 7. e4 g5 8. Bg3 b5 9. Be2 Bb7 10. O-O Nbd7 11. Ne5 Bg7 12. Nxd7 Nxd7 13. Bd6 a6 14. e5 c5 15. d5 Bxe5 16. dxe6 Bxd6 17. Qxd6 Nf6 18. Qe5 Qe7 19. Bh5 O-O-O 20. Bxf7 Rd4 21. Rae1 Rhd8 22. Bg6 Bc6 23. Qf5 Kb7 24. Qc2 R8d6 25. Bf5 Rd2 26. Qc1 Kb6 27. Re5 Nh5 28. g3 Qf6 29. Qe1 b4 30. Qe3 R2d4 31. Ne2 R4d5 32. Rxd5 Rxd5 33. g4 Ng7 34. Ng3 Re5 35. Qd2 Nxe6 36. Qd6 Nf4 37. Qb8+ Bb7 38. Rd1 Qc6 39. Ne4 0-1

[Event "Xtracon Open 2019"]
[Site "Helsingor"]
[Date "2019.07.27"]
[Round "9.2"]
[White "Thybo, Thomas Sondergaard"]
[Black "Nasshan, Dennis"]
[Result "0-1"]
[WhiteElo "2104"]
[BlackElo "2314"]
[Annotator "NA"]
[PlyCount "154"]
[EventDate "2019.07.19"]
[EventType "swiss"]
[EventCountry "DEN"]
[SourceTitle "playchess.com"]
[Source "ChessBase"]
[SourceQuality "1"]

1. e4 c5 2. Nf3 Nc6 3. d4 cxd4 4. Nxd4 g6 5. Nc3 Bg7 6. Nde2 Nf6 7. g3 O-O 8. Bg2 d6 9. O-O Bd7 10. h3 Rc8 11. Be3 a6 12. a4 Qc7 13. b3 e6 14. Qd2 Rfd8 15. Rfd1 Be8 16. Bg5 Rd7 17. Qf4 Nh5 18. Qd2 Kh8 19. Bh6 Nf6 20. Bxg7+ Kxg7 21. Qe3 Rdd8 22. Rd2 Ne7 23. Rad1 Bc6 24. Qf4 e5 25. Qe3 b5 26. axb5 axb5 27. b4 Ra8 28. f4 Rd7 29. Nd5 Bxd5 30. exd5 exf4 31. Qxf4 Nf5 32. Kh2 Qb6 33. Rd3 Re7 34. Nd4 Nxd4 35. Qxd4 Qxd4 36. Rxd4 Re2 37. R4d2 Rxd2 38. Rxd2 Ra4 39. c3 Ra3 40. Rc2 Rb3 41. g4 Nd7 42. Bf1 Nb6 43. Bxb5 Nxd5 44. Bc6 Nxc3 45. Rd2 Rxb4 46. Rd3 Ne2 47. Rxd6 Rd4 48. Rxd4 Nxd4 49. Bd5 f5 50. Kg3 Kf6 51. gxf5 gxf5 52. Kf4 h6 53. Bc4 Nc6 54. Bd5 Ne7 55. Bb3 Ng6+ 56. Kg3 Kg5 57. Bc2 Kf6 58. Ba4 Ke5 59. Bc6 Kf6 60. Be8 Ne7 61. Ba4 Kg5 62. Bb3 Ng6 63. Ba4 h5 64. Be8 h4+ 65. Kh2 Ne5 66. Ba4 Kf4 67. Bd1 Ke3 68. Bh5 Kf2 69. Be8 Nf3+ 70. Kh1 Kg3 71. Bb5 Kxh3 72. Bd3 Nd4 73. Kg1 Kg3 74. Ba6 Nc2 75. Bd3 Ne3 76. Ba6 h3 77. Be2 Ng4 0-1

[Event "Xtracon Open 2019"]
[Site "Helsingor"]
[Date "2019.07.27"]
[Round "9.2"]
[White "Jacobsen, Per Wurtz"]
[Black "Gregersen, Hedin"]
[Result "0-1"]
[WhiteElo "2016"]
[BlackElo "1728"]
[Annotator "NA"]
[PlyCount "42"]
[EventDate "2019.07.19"]
[EventType "swiss"]
[EventCountry "DEN"]
[SourceTitle "playchess.com"]
[Source "ChessBase"]
[SourceQuality "1"]

1. d4 Nf6 2. e3 b6 3. f4 Bb7 4. Nf3 g6 5. c3 Bg7 6. Bd3 O-O 7. O-O d5 8. Nbd2 Nbd7 9. Ne5 Nxe5 10. fxe5 Ne4 11. Bc2 f6 12. Bb3 Nxd2 13. Bxd2 fxe5 14. Rxf8+ Qxf8 15. Qg4 Qf5 16. Qe2 a5 17. e4 Qe6 18. Rf1 a4 19. exd5 Bxd5 20. Bc2 exd4 21. Qb5 Bc4 0-1

[Event "Xtracon Open 2019"]
[Site "Helsingor"]
[Date "2019.07.27"]
[Round "9.2"]
[White "Glibstrup, Jakob"]
[Black "Buchenau, Frank"]
[Result "0-1"]
[WhiteElo "1993"]
[BlackElo "2294"]
[Annotator "NA"]
[PlyCount "44"]
[EventDate "2019.07.19"]
[EventType "swiss"]
[EventCountry "DEN"]
[SourceTitle "playchess.com"]
[Source "ChessBase"]
[SourceQuality "1"]

1. d4 e6 2. c4 Nf6 3. f3 d5 4. Nc3 c5 5. e3 Nc6 6. cxd5 exd5 7. Nge2 Bd6 8. g3 h5 9. Bg2 a6 10. f4 cxd4 11. Nxd4 h4 12. Nde2 Be6 13. f5 Bxf5 14. Nxd5 h3 15. O-O hxg2 16. Rxf5 Ng4 17. h4 g6 18. Rg5 Qxg5 19. Nef4 Rxh4 20. gxh4 Qxh4 21. Qxg4 Qh1+ 22. Kf2 Qf1+ 0-1

[Event "Xtracon Open 2019"]
[Site "Helsingor"]
[Date "2019.07.27"]
[Round "9.3"]
[White "Kollars, Dmitrij"]
[Black "Korobov, Anton"]
[Result "1/2-1/2"]
[WhiteElo "2581"]
[BlackElo "2687"]
[Annotator "ChessBase"]
[PlyCount "80"]
[EventDate "2019.07.19"]
[EventType "swiss"]
[EventCountry "DEN"]
[SourceTitle "playchess.com"]
[Source "ChessBase"]
[SourceQuality "1"]

1. e4 c5 2. Nf3 d6 3. Bb5+ Nd7 4. O-O a6 5. Bd3 Ngf6 6. Re1 e6 7. c3 b5 8. Bc2 Bb7 9. d4 Be7 10. Nbd2 Qc7 11. Nf1 O-O 12. Ng3 Rfe8 13. Be3 Rac8 14. Rc1 Qb8 15. Qe2 Nb6 16. dxc5 dxc5 17. Rcd1 Nbd7 18. Bg5 c4 19. Nd4 Ne5 20. Nh5 Nxh5 21. Qxh5 Bc5 22. Bf4 Bd6 23. Bxe5 Bxe5 24. Nf3 Bf6 25. Ng5 Bxg5 26. Qxg5 h6 27. Qe3 Red8 28. e5 Bc6 29. Be4 Rxd1 30. Rxd1 Rd8 31. Rxd8+ Qxd8 32. Bc2 a5 33. a3 Qa8 34. f3 b4 35. Qb6 b3 36. Bd1 a4 37. Be2 Bd5 38. Kf2 Qc8 39. Qd4 Qc7 40. h4 Kf8 1/2-1/2

[Event "Xtracon Open 2019"]
[Site "Helsingor"]
[Date "2019.07.27"]
[Round "9.3"]
[White "Hjartarson, Johann"]
[Black "Holm, Kristian Stuvik"]
[Result "1/2-1/2"]
[WhiteElo "2513"]
[BlackElo "2469"]
[Annotator "TA"]
[PlyCount "109"]
[EventDate "2019.07.19"]
[EventType "swiss"]
[EventCountry "DEN"]
[SourceTitle "playchess.com"]
[Source "ChessBase"]
[SourceQuality "1"]

1. c4 c5 2. g3 g6 3. Bg2 Bg7 4. Nc3 Nc6 5. a3 e6 6. Rb1 Nge7 7. b4 cxb4 8. axb4 O-O 9. Nf3 d5 10. b5 Na5 11. cxd5 exd5 12. Na4 Bf5 13. d3 d4 14. O-O Nd5 15. e4 dxe3 16. fxe3 Nb6 17. Nxb6 axb6 18. e4 Bg4 19. Kh1 Rc8 20. Ba3 Re8 21. Bb4 Qd7 22. Qd2 Qxb5 23. Qf4 Qd7 24. Bd6 Bxf3 25. Bxf3 Bh6 26. Qxh6 Qxd6 27. Be2 Re7 28. Rb2 Nc6 29. Rxb6 Qe5 30. Rfb1 Nd4 31. Bf1 Rcc7 32. Bg2 Red7 33. Bh3 Re7 34. Ra1 Re8 35. Rab1 Ree7 36. Qf4 Qxf4 37. gxf4 Kg7 38. Rd6 Ne2 39. f5 f6 40. fxg6 hxg6 41. Rf1 Rf7 42. Bg4 Nc3 43. Be6 Rf8 44. Rg1 Ne2 45. Rb1 Kh6 46. Rdb6 Nf4 47. Bc4 Rd8 48. Rxf6 Nxd3 49. Bd5 Rc1+ 50. Rxc1 Nxc1 51. Rf1 Nd3 52. Bxb7 Ne5 53. Bd5 Rc8 54. Kg2 Kg5 55. Rf2 1/2-1/2

[Event "Xtracon Open 2019"]
[Site "Helsingor"]
[Date "2019.07.27"]
[Round "9.3"]
[White "Kucuksari, Kaan"]
[Black "Madsen, Michael B."]
[Result "1-0"]
[WhiteElo "2310"]
[BlackElo "2133"]
[Annotator "NA"]
[PlyCount "93"]
[EventDate "2019.07.19"]
[EventType "swiss"]
[EventCountry "DEN"]
[SourceTitle "playchess.com"]
[Source "ChessBase"]
[SourceQuality "1"]

1. d4 a6 2. e4 e6 3. c4 d5 4. Nc3 dxe4 5. Nxe4 Bb4+ 6. Nc3 c5 7. a3 Ba5 8. dxc5 Qxd1+ 9. Kxd1 Bxc3 10. bxc3 Bd7 11. Rb1 Bc6 12. Nf3 Bxf3+ 13. gxf3 Nc6 14. Kc2 O-O-O 15. Bd3 h6 16. h4 g6 17. h5 g5 18. f4 g4 19. f5 e5 20. Be4 Kc7 21. Rb6 Nge7 22. Rg1 f6 23. Rxg4 Rdg8 24. f3 Rxg4 25. fxg4 Rg8 26. Bf3 Rh8 27. Be3 Rh7 28. Rb1 Na5 29. Bd5 Nxd5 30. cxd5 Nc4 31. Kd3 Nxa3 32. Rb3 Nb5 33. c4 Nd4 34. Bxd4 exd4 35. Kxd4 Rg7 36. d6+ Kc8 37. Rg3 Rg8 38. Kd5 Re8 39. Rb3 Re5+ 40. Kd4 Re1 41. Re3 Rd1+ 42. Kc3 b6 43. Re8+ Kd7 44. Re7+ Kd8 45. cxb6 Rxd6 46. b7 Rb6 47. Rg7 1-0

[Event "Xtracon Open 2019"]
[Site "Helsingor"]
[Date "2019.07.27"]
[Round "9.3"]
[White "Bach, Matthias"]
[Black "Larsen, Ulrik"]
[Result "1-0"]
[WhiteElo "2241"]
[BlackElo "2039"]
[Annotator "NA"]
[PlyCount "125"]
[EventDate "2019.07.19"]
[EventType "swiss"]
[EventCountry "DEN"]
[SourceTitle "playchess.com"]
[Source "ChessBase"]
[SourceQuality "1"]

1. c4 g6 2. d4 Nf6 3. Nc3 Bg7 4. e4 d6 5. f4 O-O 6. Nf3 Na6 7. Bd3 e5 8. fxe5 dxe5 9. d5 Nc5 10. Bc2 a5 11. O-O Ne8 12. Be3 b6 13. Qd2 Nd6 14. b3 f5 15. Bxc5 bxc5 16. Qe3 Nb7 17. Na4 f4 18. Qf2 Qe7 19. h3 g5 20. Nh2 Ra6 21. Bd1 Rg6 22. Bg4 Rgf6 23. Rad1 Rg6 24. Rd3 Rgf6 25. Rfd1 Rd8 26. Qf3 Bd7 27. Nc3 Nd6 28. Qf2 Ne8 29. Bxd7 Rxd7 30. Na4 Bf8 31. Qb2 Rg6 32. Qc3 Nf6 33. Re1 g4 34. hxg4 Nxg4 35. Nxg4 Rxg4 36. Rh3 Qg5 37. Qd2 Rg7 38. Re2 Qg6 39. Nb2 Rf7 40. Qd3 Qg5 41. Rf2 Rg7 42. Qe2 Rg6 43. Nd3 Rh4 44. Rxh4 Qxh4 45. Rf3 Qh5 46. Nf2 Kh8 47. Qd3 Qg5 48. Qf1 Be7 49. Rh3 Qf6 50. Nd3 Qg7 51. Qf3 Bd6 52. Kf1 Be7 53. Qf2 Rg4 54. Qf3 Rg5 55. Ne1 Rg4 56. Qf2 Bd6 57. Nf3 Be7 58. Qb2 Bf6 59. Qd2 Qg6 60. d6 cxd6 61. Qxd6 Qg7 62. Rh2 Be7 63. Qxe5 1-0

[Event "Xtracon Open 2019"]
[Site "Helsingor"]
[Date "2019.07.27"]
[Round "9.3"]
[White "Baliuniene, Margarita"]
[Black "Nielsen, Jorgen Lovgren"]
[Result "1-0"]
[WhiteElo "1917"]
[BlackElo "2053"]
[Annotator "NA"]
[PlyCount "85"]
[EventDate "2019.07.19"]
[EventType "swiss"]
[EventCountry "DEN"]
[SourceTitle "playchess.com"]
[Source "ChessBase"]
[SourceQuality "1"]

1. d4 f5 2. c4 Nf6 3. Nc3 g6 4. g3 Bg7 5. Bg2 d6 6. Nf3 O-O 7. O-O c6 8. d5 Qc7 9. Be3 Ng4 10. Bd4 Ne5 11. Nxe5 dxe5 12. Be3 Rd8 13. Qb3 f4 14. Bd2 Na6 15. Rac1 Rb8 16. Rfd1 Kh8 17. Ne4 Bf5 18. Ng5 Rf8 19. gxf4 exf4 20. Bc3 h6 21. Bxg7+ Kxg7 22. Qc3+ Kg8 23. Nf3 Nc5 24. dxc6 Ne4 25. Qe5 Qxe5 26. Nxe5 bxc6 27. b3 Rbc8 28. Rd4 Nc5 29. Nxc6 Rc7 30. Rcd1 g5 31. b4 Ne6 32. Rd7 Kf7 33. Rxc7 Nxc7 34. b5 Be6 35. a4 Kf6 36. Nxa7 Ke5 37. Nc6+ Kf6 38. c5 Bb3 39. Ra1 Ne6 40. a5 Nxc5 41. a6 Nd7 42. a7 Nb6 43. Ra6 1-0

[Event "Xtracon Open 2019"]
[Site "Helsingor"]
[Date "2019.07.27"]
[Round "9.4"]
[White "Sevian, Samuel"]
[Black "Hector, Jonny"]
[Result "1-0"]
[WhiteElo "2667"]
[BlackElo "2487"]
[Annotator "TA"]
[PlyCount "123"]
[EventDate "2019.07.19"]
[EventType "swiss"]
[EventCountry "DEN"]
[SourceTitle "playchess.com"]
[Source "ChessBase"]
[SourceQuality "1"]

1. e4 e5 2. Nf3 Nc6 3. d4 exd4 4. Nxd4 Nf6 5. Nxc6 bxc6 6. Qe2 Bc5 7. e5 Nd5 8. Qg4 g6 9. Bg5 d6 10. Qh4 f6 11. exf6 Kf7 12. Bc4 h6 13. Be3 Qxf6 14. Qxf6+ Kxf6 15. Bxc5 dxc5 16. O-O Bf5 17. Nd2 Rad8 18. Bd3 Nb4 19. Ne4+ Bxe4 20. Bxe4 Rd2 21. c3 Re8 22. f3 Nd3 23. Bxd3 Rxd3 24. Rf2 c4 25. Kf1 Rde3 26. Rd1 h5 27. Rfd2 h4 28. h3 c5 29. Rd5 Re2 30. R1d2 Re1+ 31. Kf2 Rh1 32. f4 Ree1 33. Kf3 Rhf1+ 34. Kg4 Re4 35. Kxh4 Rfxf4+ 36. Kg3 Rf5 37. Rxf5+ gxf5 38. Rd5 Re2 39. Rxc5 Rxb2 40. a4 Ra2 41. Rxc4 Ke5 42. h4 Kd5 43. Rd4+ Ke5 44. Rc4 Kd5 45. Rxc7 Rxa4 46. h5 Rg4+ 47. Kf3 Rh4 48. Rxa7 Rxh5 49. Kf4 Ke6 50. Ra6+ Kf7 51. g3 Rh1 52. Kxf5 Rh5+ 53. Ke4 Rg5 54. c4 Rxg3 55. Rd6 Ke7 56. c5 Rg5 57. Kd4 Rg1 58. Kd5 Ra1 59. Kc6 Ra6+ 60. Kc7 Ra5 61. Kb6 Ra1 62. Rd2 1-0

[Event "Xtracon Open 2019"]
[Site "Helsingor"]
[Date "2019.07.27"]
[Round "9.4"]
[White "Vocaturo, Daniele"]
[Black "Svane, Frederik"]
[Result "1-0"]
[WhiteElo "2612"]
[BlackElo "2334"]
[Annotator "ChessBase"]
[PlyCount "67"]
[EventDate "2019.07.19"]
[EventType "swiss"]
[EventCountry "DEN"]
[SourceTitle "playchess.com"]
[Source "ChessBase"]
[SourceQuality "1"]

1. e4 c5 2. Nf3 Nc6 3. Bb5 g6 4. Bxc6 dxc6 5. d3 Bg7 6. Nc3 Nf6 7. Be3 b6 8. h3 Nd7 9. Qd2 h6 10. d4 cxd4 11. Nxd4 Bb7 12. O-O-O e5 13. Nb3 Qe7 14. a4 O-O-O 15. a5 Bf6 16. g3 Ba6 17. axb6 axb6 18. Na4 Bb5 19. Qxd7+ Rxd7 20. Nxb6+ Kc7 21. Rxd7+ Qxd7 22. Nxd7 Kxd7 23. Rd1+ Kc8 24. Nc5 Be7 25. Nd7 f6 26. Nb6+ Kb8 27. Bc5 Bd8 28. h4 Be2 29. Rd6 Bf3 30. Nd7+ Ka8 31. Nxf6 Be7 32. Rxc6 Kb7 33. Rb6+ Ka7 34. Be3 1-0

[Event "Xtracon Open 2019"]
[Site "Helsingor"]
[Date "2019.07.27"]
[Round "9.4"]
[White "Berg, Klaus"]
[Black "Lilja, Richard"]
[Result "1-0"]
[WhiteElo "2295"]
[BlackElo "2126"]
[Annotator "NA"]
[PlyCount "83"]
[EventDate "2019.07.19"]
[EventType "swiss"]
[EventCountry "DEN"]
[SourceTitle "playchess.com"]
[Source "ChessBase"]
[SourceQuality "1"]

1. d4 Nf6 2. c4 g6 3. Nc3 Bg7 4. e4 d6 5. f3 O-O 6. Be3 c5 7. Nge2 Nc6 8. d5 Ne5 9. Ng3 h5 10. Be2 a6 11. a4 b6 12. O-O Bd7 13. h3 Qc8 14. f4 Nxc4 15. Bxc4 Bxh3 16. Be2 Bg4 17. f5 Bxe2 18. Ngxe2 Ng4 19. Qd2 Kh7 20. Bg5 Qb7 21. Nd1 b5 22. axb5 axb5 23. Rxa8 Rxa8 24. Ne3 Ne5 25. fxg6+ fxg6 26. Nf4 Ra2 27. Ne6 Rxb2 28. Nf8+ Kg8 29. Qxb2 Nf3+ 30. Rxf3 Bxb2 31. Nxg6 Bf6 32. Bxf6 exf6 33. Rxf6 b4 34. e5 dxe5 35. Nxe5 b3 36. Rf1 Qg7 37. N5c4 Qd4 38. d6 b2 39. Rb1 Qc3 40. Rxb2 Qe1+ 41. Nf1 Qc3 42. Rd2 1-0

[Event "Xtracon Open 2019"]
[Site "Helsingor"]
[Date "2019.07.27"]
[Round "9.4"]
[White "Andersson, Lars"]
[Black "Rossen, Claus"]
[Result "1-0"]
[WhiteElo "1990"]
[BlackElo "2217"]
[Annotator "NA"]
[PlyCount "83"]
[EventDate "2019.07.19"]
[EventType "swiss"]
[EventCountry "DEN"]
[SourceTitle "playchess.com"]
[Source "ChessBase"]
[SourceQuality "1"]

1. d4 Nf6 2. Nf3 g6 3. Bf4 Bg7 4. e3 O-O 5. Be2 c5 6. c3 d5 7. Nbd2 Nbd7 8. O-O b6 9. a4 Bb7 10. a5 Ne4 11. Qb3 e5 12. dxe5 Nxe5 13. Nxe4 Nxf3+ 14. Bxf3 dxe4 15. Rfd1 Qf6 16. Be2 Rfd8 17. Bc7 Rdc8 18. axb6 axb6 19. Rxa8 Rxa8 20. Bxb6 Qc6 21. Bxc5 Qxc5 22. Qxb7 Re8 23. Qd5 Qxd5 24. Rxd5 Rb8 25. Rd2 Kf8 26. Kf1 Ke7 27. Ke1 h5 28. h4 Be5 29. Kd1 g5 30. Bxh5 Rh8 31. Bg4 Rh7 32. h5 Rxh5 33. f3 Rh1+ 34. Kc2 Re1 35. fxe4 Rxe3 36. Bf3 g4 37. Bxg4 Rxe4 38. Bf3 Ra4 39. Bc6 Rc4 40. Bd5 Rc8 41. Rd3 Bd6 42. Bxf7 1-0

[Event "Xtracon Open 2019"]
[Site "Helsingor"]
[Date "2019.07.27"]
[Round "9.4"]
[White "Tummasarson, Flovin M."]
[Black "Sandbech, Ted Henrik"]
[Result "1-0"]
[WhiteElo "1561"]
[BlackElo "1687"]
[Annotator "NA"]
[PlyCount "89"]
[EventDate "2019.07.19"]
[EventType "swiss"]
[EventCountry "DEN"]
[SourceTitle "playchess.com"]
[Source "ChessBase"]
[SourceQuality "1"]

1. e4 d5 2. exd5 Qxd5 3. Nc3 Qa5 4. Bc4 Nf6 5. d3 c6 6. Bd2 Qc7 7. Nf3 Bf5 8. Qe2 e6 9. O-O Bd6 10. h3 Nbd7 11. Nd4 Bg6 12. Bxe6 O-O-O 13. Bxd7+ Rxd7 14. Be3 Re8 15. Qd2 Qa5 16. a3 Qe5 17. Nf3 Qe7 18. Bxa7 Qd8 19. Na4 Bc7 20. Qb4 Nd5 21. Qb3 b5 22. Nc5 Bh2+ 23. Kxh2 Rxa7 24. d4 Be4 25. Nxe4 Rxe4 26. Rfe1 Rae7 27. Rxe4 Rxe4 28. a4 b4 29. Qd3 Qc7+ 30. Ne5 Rf4 31. Qa6+ Qb7 32. Qxb7+ Kxb7 33. Nf3 h6 34. b3 Rf6 35. Kg1 Re6 36. Kf1 f6 37. Re1 Rd6 38. g3 Kb6 39. Nd2 Rd7 40. Nc4+ Ka6 41. Re6 Rc7 42. Ne3 Nc3 43. d5 Kb6 44. d6 Rd7 45. Re7 1-0

[Event "Xtracon Open 2019"]
[Site "Helsingor"]
[Date "2019.07.27"]
[Round "9.5"]
[White "Rasmussen, Allan Stig"]
[Black "Andersen, Mads"]
[Result "1-0"]
[WhiteElo "2569"]
[BlackElo "2605"]
[Annotator "TA"]
[PlyCount "39"]
[EventDate "2019.07.19"]
[EventType "swiss"]
[EventCountry "DEN"]
[SourceTitle "playchess.com"]
[Source "ChessBase"]
[SourceQuality "1"]

1. d4 Nf6 2. c4 g6 3. Nc3 d5 4. cxd5 Nxd5 5. e4 Nxc3 6. bxc3 Bg7 7. Bg5 c5 8. Rc1 O-O 9. d5 Qd6 10. Be2 f5 11. exf5 Bxf5 12. Nf3 Nd7 13. O-O Nf6 14. Qb3 Ne4 15. Bxe7 Qxe7 16. d6+ Qf7 17. Bc4 Nxd6 18. Bxf7+ Rxf7 19. Qd5 Ne4 20. Rfe1 1-0

[Event "Xtracon Open 2019"]
[Site "Helsingor"]
[Date "2019.07.27"]
[Round "9.5"]
[White "Vestby-Ellingsen, Mads"]
[Black "Maze, Sebastien"]
[Result "0-1"]
[WhiteElo "2335"]
[BlackElo "2565"]
[Annotator "ChessBase"]
[PlyCount "130"]
[EventDate "2019.07.19"]
[EventType "swiss"]
[EventCountry "DEN"]
[SourceTitle "playchess.com"]
[Source "ChessBase"]
[SourceQuality "1"]

1. d4 Nf6 2. c4 Nc6 3. Nf3 e6 4. Nc3 Bb4 5. Qc2 O-O 6. Bd2 Re8 7. a3 Bf8 8. e4 d6 9. Bd3 e5 10. d5 Nd4 11. Nxd4 exd4 12. Ne2 g6 13. O-O Bg7 14. b4 a5 15. c5 axb4 16. Bxb4 Bd7 17. a4 Ng4 18. c6 bxc6 19. dxc6 Bc8 20. Rad1 Qh4 21. h3 Ne5 22. Nxd4 Nxd3 23. Rxd3 Rxe4 24. Nf3 Qe7 25. Rb1 Bf5 26. a5 Re2 27. Qb3 Bxd3 28. Qxd3 Qe4 29. Qxe4 Rxe4 30. Bd2 Rc4 31. a6 Rxc6 32. Rb7 Rcxa6 33. Rxc7 Ra1+ 34. Kh2 R1a7 35. Rc2 d5 36. Be3 Rd7 37. Nd4 h5 38. h4 Bf6 39. g3 Ra4 40. Rd2 Rc4 41. Kg2 Rb7 42. Nf3 Rb5 43. Ba7 Bc3 44. Rd3 f6 45. Be3 Kf7 46. Kh2 Be5 47. Kg2 Ke7 48. Rd2 Kd6 49. Rd3 Rbb4 50. Bh6 Ra4 51. Bf8+ Ke6 52. Rb3 d4 53. Rb6+ Kf7 54. Bh6 Ra2 55. Bg5 Rcc2 56. Nxe5+ fxe5 57. Kf3 d3 58. Rf6+ Kg7 59. Ke3 d2 60. Rd6 Kf7 61. Kf3 d1=Q+ 62. Rxd1 Rxf2+ 63. Ke4 Ke6 64. Rd8 Ra4+ 65. Ke3 Rb2 0-1

[Event "Xtracon Open 2019"]
[Site "Helsingor"]
[Date "2019.07.27"]
[Round "9.5"]
[White "Valkama, Eero"]
[Black "Sigeman, Johan"]
[Result "1-0"]
[WhiteElo "2286"]
[BlackElo "2120"]
[Annotator "NA"]
[PlyCount "65"]
[EventDate "2019.07.19"]
[EventType "swiss"]
[EventCountry "DEN"]
[SourceTitle "playchess.com"]
[Source "ChessBase"]
[SourceQuality "1"]

1. e4 e5 2. Nf3 Nc6 3. Bc4 Nf6 4. d3 Be7 5. O-O O-O 6. Re1 d6 7. a4 Na5 8. Ba2 c5 9. c3 Nc6 10. Na3 a6 11. Bd2 Rb8 12. b4 b5 13. axb5 axb5 14. Nc2 Nh5 15. bxc5 dxc5 16. Bd5 Rb6 17. Bxc6 Rxc6 18. Nxe5 Re6 19. Qxh5 g6 20. Nxf7 Rxf7 21. Qe2 Bb7 22. Be3 Qd6 23. f3 Bd8 24. Bf2 Qe5 25. d4 Qh5 26. Bg3 c4 27. Ne3 Bb6 28. Kh1 Qg5 29. Ng4 Rfe7 30. Qe3 Qxe3 31. Nxe3 b4 32. Nxc4 bxc3 33. d5 1-0